De Gaulle és Németország

Elmentve itt :
Bibliográfiai részletek
Szerző: Kőmíves Benedek
Dokumentumtípus: Cikk
Megjelent: University of Szeged, Magyar Medievisztikai Kutatócsoport Szeged 2003
Sorozat:Acta Universitatis Szegediensis : acta historica 118
Kulcsszavak:Charles De Gaulle, Franciaország története - 20. sz., Németország története - 20. sz.
Tárgyszavak:
Online Access:http://acta.bibl.u-szeged.hu/2939
LEADER 00844nab a2200205 i 4500
001 acta2939
005 20260130094505.0
008 161015s2003 hu o 000 hun d
022 |a 0324-6965 
040 |a SZTE Egyetemi Kiadványok Repozitórium  |b hun 
041 |a hun 
100 1 |a Kőmíves Benedek 
245 1 0 |a De Gaulle és Németország  |h [elektronikus dokumentum] /  |c  Kőmíves Benedek 
260 |a University of Szeged, Magyar Medievisztikai Kutatócsoport  |b Szeged  |c 2003 
300 |a 93-98 
490 0 |a Acta Universitatis Szegediensis : acta historica  |v 118 
650 4 |a Bölcsészettudományok 
650 4 |a Történettudomány és régészet 
695 |a Charles De Gaulle, Franciaország története - 20. sz., Németország története - 20. sz. 
856 4 0 |u http://acta.bibl.u-szeged.hu/2939/1/historica_118_093-098.pdf  |z Dokumentum-elérés